[Event "46th Ilmar Raua Memorial"]
[Site "Vaksali EST"]
[Date "2012.07.08"]
[Round "6"]
[White "Lapidus,M"]
[Black "Shishkov,A"]
[Result "0-1"]
[WhiteElo "2129"]
[BlackElo "2382"]

1.d4 Nf6 2.Bg5 c5 3.d5 Qb6 4.b3 g6 5.c3 Qd6 6.Bxf6 Qxf6 7.Nf3 Bg7 8.e4 d6
9.Bb5+ Nd7 10.O-O a6 11.Bd3 b5 12.a3 e6 13.Ra2 O-O 14.c4 bxc4 15.Bxc4 Nb6
16.Nbd2 exd5 17.Bxd5 Rb8 18.Nc4 Nxd5 19.Qxd5 Be6 20.Qxd6 Rxb3 21.Rc2 Rfb8
22.Ncd2 Rb2 23.e5 Qf4 24.Qxc5 Bf8 25.Qc3 Rxc2 26.Qxc2 Bxa3 27.g3 Qg4 28.Ra1 Rc8
29.Qd1 Bb2 30.Rb1 Bc3 31.Rc1 a5 32.Qe2 Bxd2 33.Rxc8+ Bxc8 34.Qxd2 Qxf3 35.Qd8+ Kg7
36.Qxc8 Qd1+ 37.Kg2 Qd5+ 38.Kg1 Qxe5 39.Qc1 Qd4 40.h4 h5 41.Qa3 a4 42.Kg2 Qd5+
43.Kh2 Qb3 44.Qa1+ Kg8 45.Qf6 a3 46.Qd8+ Kh7 47.Qf6 Qd5 48.Qc3 Qa2 49.Qf6 Qe6
50.Qc3 Qa6 51.Qd4 Kg8 52.Qd8+ Kg7 53.Qd4+  0-1

[Event "86th ch-ARG 2012"]
[Site "La Plata ARG"]
[Date "2012.07.09"]
[Round "8.24"]
[White "D'Ascanio,Adolfo"]
[Black "Araoz,C"]
[Result "1-0"]
[WhiteElo "1906"]
[BlackElo "1849"]

1.d4 Nf6 2.Bg5 g6 3.Bxf6 exf6 4.e4 Bg7 5.Nc3 O-O 6.Bc4 c6 7.h4 h5 8.Qf3 b5
9.Bb3 d5 10.Qg3 Qe7 11.O-O-O b4 12.Nxd5 cxd5 13.f3 Kh7 14.Bxd5 Bb7 15.Bxb7 Qxb7
16.Qh3 Rc8 17.Kb1 Qc7 18.Rd2 Qc4 19.g4 Bh6 20.f4 Bxf4 21.Re2 a5 22.gxh5 a4
23.hxg6+ fxg6 24.h5 Kg7 25.hxg6 Qg8 26.Qf5 Bh6 27.e5 Qf8 28.Rxh6 Ra6 29.Rh7+ Kg8
30.Reh2  1-0

[Event "22nd HOF Open 2012"]
[Site "Jyvaskyla FIN"]
[Date "2012.07.10"]
[Round "2"]
[White "Osmolny,V"]
[Black "Klukin,Kirill"]
[Result "0-1"]
[WhiteElo "2207"]
[BlackElo "1995"]

1.d4 Nf6 2.Bg5 c5 3.d5 Ne4 4.Bc1 g6 5.f3 Nd6 6.e4 Bg7 7.Ne2 O-O 8.Nbc3 f5
9.Bf4 fxe4 10.Bxd6 exf3 11.gxf3 exd6 12.Qd3 Qh4+ 13.Ng3 Re8+ 14.Ne4 Bxb2
15.Rb1 Be5 16.Kf2 b5 17.Qxb5 Ba6 18.Qa5 Bxg3+ 19.Nxg3 Bxf1 20.Kxf1 Qc4+ 21.Kg2 Na6
22.a3 Re5 23.Rbe1 Rf8 24.Rxe5 dxe5 25.Rd1 h5 26.Ne4 Qe2+ 27.Kh3 Qxd1 28.Qxa6 Qxf3+
29.Ng3 Qg4+ 30.Kg2 h4 31.Qxa7 hxg3 32.hxg3 Qf3+ 33.Kh2 Qf2+ 34.Kh3 Qf1+  0-1

[Event "22nd HOF Open 2012"]
[Site "Jyvaskyla FIN"]
[Date "2012.07.10"]
[Round "2"]
[White "Pohjala,H"]
[Black "Seppala,A"]
[Result "1-0"]
[WhiteElo "2279"]
[BlackElo "2010"]

1.d4 Nf6 2.Bg5 c5 3.Bxf6 exf6 4.d5 g6 5.g3 d6 6.Bg2 Bg7 7.Nd2 O-O 8.a4 f5
9.c3 b6 10.Nh3 Re8 11.O-O Bb7 12.Re1 Nd7 13.Nf4 Nf6 14.a5 b5 15.e4 fxe4 16.Nxe4 Nxe4
17.Bxe4 a6 18.Ng2 Qc7 19.Qf3 Re5 20.Red1 f5 21.Bc2 Bh6 22.b3 c4 23.bxc4 Qxc4
24.Rd4 Qc5 25.Bb3 Rc8 26.Rd3 Qc7 27.h4 Qg7 28.Ne1 Re7 29.Nc2 Kh8 30.Nd4 Qg8
31.h5 Bg7 32.hxg6 hxg6 33.Kg2 Qf7 34.Ba2 Bxd4 35.Rxd4 Kg7 36.Qf4 Re5 37.Rh1 Rh8
38.Rxh8 Kxh8 39.Qh4+ Kg7 40.Qd8 Qe7 41.Qb6 g5 42.Bb3 g4 43.c4 bxc4 44.Bxc4 Re4
45.Kh2 Kg6 46.Rxe4 fxe4 47.Bxa6 Bxd5 48.Qe3 Qd8 49.Qd2 Qh8+ 50.Kg1 Qa8 51.Be2 e3
52.fxe3 Bh1 53.Qxd6+ Kg7 54.Qe5+ Kh6 55.Qf6+ Kh5 56.Qh4+ Kg6 57.Qxh1 Qxa5
58.Qe4+ Kf6 59.Qxg4 Qe1+ 60.Kg2 Qa5 61.Qf4+ Ke6 62.Bc4+ Kd7 63.g4 Qd2+ 64.Kh3 Qe1
65.Bd5 Qd1 66.Bg2 Qe1 67.g5 Ke6 68.g6 Qa1 69.Qg4+ Ke7 70.g7 Qe1 71.Qg5+ Kd6
72.Qg3+  1-0

[Event "34th Oberwart Open A"]
[Site "Oberwart AUT"]
[Date "2012.07.10"]
[Round "4.22"]
[White "Natter,M"]
[Black "Sandhoefner,F"]
[Result "1-0"]
[WhiteElo "2080"]
[BlackElo "2228"]

1.d4 Nf6 2.Bg5 c5 3.Bxf6 gxf6 4.d5 Qb6 5.Qc1 f5 6.e3 Bg7 7.c3 e6 8.Bc4 Na6
9.Nh3 Nc7 10.Nf4 Qd6 11.Qd2 b5 12.Bb3 Bb7 13.dxe6 Qxd2+ 14.Nxd2 fxe6 15.O-O Ke7
16.Nh5 Bh6 17.f4 Rhg8 18.Rf2 Nd5 19.Re1 Raf8 20.Bc2 Nf6 21.Nxf6 Rxf6 22.e4 fxe4
23.Bxe4 d5 24.Bxh7 Rg7 25.Bd3 Bxf4 26.Nf3 d4 27.cxd4 cxd4 28.Nxd4 Bxh2+ 29.Kxh2 Rxf2
30.Nf5+ Rxf5 31.Bxf5 Rxg2+ 32.Kh3 Rxb2 33.Bxe6 Kd6 34.Bg8 Rd2 35.Re6+ Kc7
36.Re7+ Kb6 37.Re6+ Bc6 38.Bf7 Kc5 39.Re5+ Bd5 40.Bxd5 Rxd5 41.Re2 Kb4 42.Kg2 Ka3  1-0

[Event "5th Int ch-Central Serbia 2012"]
[Site "Paracin SRB"]
[Date "2012.07.10"]
[Round "5.3"]
[White "Bogosavljevic,B"]
[Black "Damljanovic,B"]
[Result "1/2-1/2"]
[WhiteElo "2520"]
[BlackElo "2564"]

1.d4 Nf6 2.Bg5 c5 3.d5 Ne4 4.Bf4 Qb6 5.Nd2 Nxd2 6.Bxd2 e5 7.Bc3 d6 8.e4 Be7
9.Be2 O-O 10.Nf3 Qd8 11.O-O f5 12.exf5 Bxf5 13.Nd2 Bg5 14.a4 Nd7 15.Nc4 Nf6
16.f3 Bg6 17.b4 Rc8 18.Rb1 b6 19.Bd2 Bxd2 20.Qxd2 cxb4 21.Rxb4 Qc7 22.Ne3 Qc3
23.Rd1 Bxc2 24.Nc4 Qxd2 25.Rxd2 Bxa4 26.Nxd6 Rc1+ 27.Kf2 Rc2 28.Rxc2 Bxc2
29.Nb5 a5 30.Rb2 Bg6 31.Nc7 Rb8 32.Na6 Rd8 33.Rxb6 Nxd5 34.Bc4 Bf7 35.Rb5 a4
36.Rb7 Rc8 37.Nb4 Rxc4 38.Rb8+ Be8 39.Nxd5 Kf8 40.Ra8 Kf7 41.Ra7+ Kf8 42.Ra8 h5
43.Ne3 Rd4 44.Nf5 Rd7 45.Ng3 Ke7 46.Nf5+ Kf6 47.g4 hxg4 48.fxg4 Bg6 49.Ra6+ Kf7
50.Nd6+ Ke7 51.Nc8+ Kd8 52.Nb6 Rd2+ 53.Kg3 Be8 54.Nxa4 Ra2 55.Nc5 Rxa6 56.Nxa6 Ke7
57.Nb4 Kd6 58.h4 Kc5 59.Nc2 Bg6 60.Ne3 Kd4 61.Kf3 Be4+ 62.Kf2 g6 63.Nf1 Bd5
64.h5  1/2-1/2

[Event "35th Barbera Open A"]
[Site "Barbera del Valles ESP"]
[Date "2012.07.11"]
[Round "8.11"]
[White "Canal Oliveras,J"]
[Black "Munoz Pantoja,M"]
[Result "0-1"]
[WhiteElo "2226"]
[BlackElo "2496"]

1.d4 Nf6 2.Bg5 c5 3.Bxf6 exf6 4.d5 d6 5.c3 g6 6.e3 Bg7 7.Ne2 O-O 8.Nf4 f5
9.Nd2 Nd7 10.h4 Nf6 11.Qc2 Re8 12.O-O-O Bd7 13.h5 b5 14.hxg6 hxg6 15.Be2 b4
16.cxb4 cxb4 17.Kb1 a5 18.Rc1 Ng4 19.Bxg4 fxg4 20.e4 a4 21.Qd1 Qf6 22.Nd3 Bb5  0-1

[Event "35th Barbera Open A"]
[Site "Barbera del Valles ESP"]
[Date "2012.07.12"]
[Round "9.26"]
[White "Aranaz Portugues,J"]
[Black "Mamedjarova,Z"]
[Result "0-1"]
[WhiteElo "2189"]
[BlackElo "2307"]

1.d4 Nf6 2.Bg5 d5 3.Nd2 Nbd7 4.e3 b6 5.Bd3 Bb7 6.f4 g6 7.Qf3 Bg7 8.Nh3 O-O
9.O-O e6 10.Nf2 c5 11.c3 a6 12.Qh3 Qc7 13.g4 b5 14.Bh6 Ne8 15.g5 Bxh6 16.Qxh6 f5
17.gxf6 Ndxf6 18.Nf3 Nd6 19.Ne5 Nfe4 20.Bxe4 dxe4 21.Nfg4 Nf5 22.Qg5 cxd4
23.cxd4 Qg7 24.Rac1 h5 25.Qxg6 Qxg6 26.Nxg6 hxg4 27.Nxf8 Kxf8 28.Kf2 Bd5
29.b3 Kf7 30.Rg1 Rh8 31.Rxg4 Rxh2+ 32.Kg1 Rxa2 33.Rc7+ Kf6 34.Rg8 Ra1+ 35.Kh2 Nh6
36.Rf8+ Kg6 37.Kg3 Bxb3 38.f5+ Nxf5+ 39.Kf4 Nh6 40.Kxe4 Bd5+ 41.Ke5 Ng4+
42.Kd6 Nxe3 43.Rc3 Nf5+ 44.Kc5 Ra4 45.Kb6 b4 46.Rc1 Kg5 47.Rg8+ Kf4 48.Kc5 b3
49.Rf1+ Ke3 50.Re1+ Kd2 51.Rgg1 b2 52.Ref1 Rc4+ 53.Kb6 Nxd4 54.Rd1+ Kc2 55.Rdf1 Rb4+
56.Kc5 b1=Q 57.Rf2+ Kd3 58.Rg3+ Bf3  0-1

[Event "27th Gniota Memorial"]
[Site "Police POL"]
[Date "2012.07.12"]
[Round "2.11"]
[White "Kurpiewski,S"]
[Black "Kuciel,W"]
[Result "0-1"]
[WhiteElo "2168"]
[BlackElo "2002"]

1.d4 Nf6 2.Bg5 c5 3.d5 e6 4.dxe6 fxe6 5.Nd2 d5 6.e3 Nc6 7.Ngf3 Bd6 8.e4 O-O
9.Bb5 Qa5 10.Bxc6 Nxe4 11.O-O Nxg5 12.Nxg5 bxc6 13.Nc4 Qc7 14.Nxd6 Qxd6 15.Qd3 g6
16.Qh3 Qe7 17.Qh4 e5 18.Rfe1 Qg7 19.Qg3 Rf5 20.Nh3 Rb8 21.b3 Rb4 22.c3 Rb7
23.f4 e4 24.Qe3 Qf8 25.g3 Rf6 26.Kg2 Bf5 27.Ng1 Rd7 28.Rad1 Rd8 29.h3 h5
30.Rd2 Rf7 31.h4 Rfd7 32.Red1 Bg4 33.Rf1 Qe7 34.Re1 Be6 35.Kf2 Bf5 36.Nf3 Qg7
37.Ne5 d4 38.cxd4 cxd4 39.Qe2 e3+ 40.Kg1 exd2 41.Qxd2 Rd6 42.Rc1 d3 43.Rc5 Qe7
44.Kf2 Re6 45.b4 Qd6 46.a3 Qd4+  0-1

[Event "6th Varna Open"]
[Site "Varna BUL"]
[Date "2012.07.12"]
[Round "2.3"]
[White "Janev,P"]
[Black "Bagaturov,G"]
[Result "0-1"]
[WhiteElo "2046"]
[BlackElo "2455"]

1.d4 Nf6 2.Bg5 c5 3.Bxf6 gxf6 4.d5 Qb6 5.Qc1 f5 6.g3 Bg7 7.c3 d6 8.Nd2 Nd7
9.Nc4 Qa6 10.Ne3 Nf6 11.Bh3 e6 12.f4 Bd7 13.Nf3 O-O-O 14.Qc2 Rde8 15.O-O exd5
16.Nxf5 Rxe2 17.Qd1 Kb8 18.Ng5 Bxf5 19.Bxf5 Rxb2 20.Nxf7 Re8 21.Re1 d4 22.Qf3 Rxa2
23.Bd3 Rxa1 24.Bxa6 Rexe1+ 25.Kg2 Rxa6 26.cxd4 Ra2+  0-1

[Event "4th Rethymno Open"]
[Site "Rethymno GRE"]
[Date "2012.07.13"]
[Round "8.13"]
[White "Stefanova,A"]
[Black "Neelotpal,D"]
[Result "0-1"]
[WhiteElo "2505"]
[BlackElo "2456"]

1.d4 Nf6 2.Bg5 c5 3.Bxf6 gxf6 4.d5 d6 5.e3 Bg7 6.c4 Qa5+ 7.Nc3 f5 8.Qc2 Na6
9.Ne2 Bd7 10.Ng3 b5 11.cxb5 Nc7 12.Qd2 Rb8 13.Rb1 Rg8 14.a4 a6 15.Bd3 axb5
16.Nxb5 Qxd2+ 17.Kxd2 Nxd5 18.Bxf5 Bxb5 19.axb5 Rxb5 20.Bxh7 Rh8 21.Be4 Nb4
22.Nf5 Bf6 23.g4 d5 24.Bg2 Kd7 25.Ng3 Rhb8 26.h4 c4 27.g5 Bh8 28.e4 Nd3 29.exd5 Bd4
30.Rhc1 Rxb2+ 31.Rxb2 Rxb2+ 32.Rc2 Rxc2+ 33.Kxc2 Ne1+ 34.Kd2 Nxg2 35.Nf5 Be5
36.h5 Nf4 37.g6 fxg6 38.hxg6 Nxg6 39.Ke2 c3  0-1

[Event "72nd ch-ITA S/F 2012"]
[Site "Civitanova Marche ITA"]
[Date "2012.07.15"]
[Round "1"]
[White "Paltrinieri,N"]
[Black "Rombaldoni,Ax"]
[Result "1-0"]
[WhiteElo "2172"]
[BlackElo "2479"]

1.d4 d5 2.Bg5 Nf6 3.Bxf6 exf6 4.e3 Be7 5.Bd3 O-O 6.Qf3 c5 7.Ne2 Qb6 8.Nbc3 Qxb2
9.O-O cxd4 10.Nxd5 Bd8 11.exd4 Nc6 12.Rfb1  1-0

[Event "Sparkassen Open A"]
[Site "Dortmund GER"]
[Date "2012.07.15"]
[Round "2.5"]
[White "Schleich,T"]
[Black "Scheider,J"]
[Result "0-1"]
[WhiteElo "2102"]
[BlackElo "2290"]

1.d4 Nf6 2.Bg5 c5 3.Bxf6 gxf6 4.d5 Qb6 5.Qc1 f5 6.c4 Bh6 7.Qc2 d6 8.Nc3 Nd7
9.g3 Ne5 10.e3 Bd7 11.O-O-O a6 12.f4 Ng4 13.Re1 O-O-O 14.Bd3 e6 15.Nf3 Bg7
16.Re2 Qa5 17.e4 Bxc3 18.bxc3 fxe4 19.Bxe4 h6 20.Qb3 b6 21.Nh4 Kc7 22.dxe6 fxe6
23.Rd1 Ba4 24.Qb2 Bxd1 25.Kxd1 Qa4+ 26.Kc1 Qxc4 27.Qd2 Nf6 28.Bd3 Qd5 29.f5 c4
30.Rxe6 cxd3 31.Rxf6 Rhe8 32.Re6 Rxe6 33.fxe6 Rf8 34.e7 Rf1+ 35.Kb2 Qb5+
36.Ka3 Rb1 37.c4 Qc5+  0-1

[Event "Turkish Bank Chess League 2012"]
[Site "Konya TUR"]
[Date "2012.07.15"]
[Round "5"]
[White "Deviatkin,A"]
[Black "Mamedov,Nid"]
[Result "0-1"]
[WhiteElo "2590"]
[BlackElo "2601"]

1.d4 Nf6 2.Bg5 g6 3.Bxf6 exf6 4.e3 f5 5.g3 d6 6.Bg2 Nd7 7.Ne2 Nf6 8.c4 h5
9.h4 Bh6 10.Nbc3 O-O 11.Nf4 c6 12.b4 Bxf4 13.gxf4 Re8 14.Qd3 Qe7 15.Kf1 Ne4
16.Bf3 a5 17.b5 cxb5 18.Nxb5 b6 19.Kg2 Ba6 20.Rab1 Rac8 21.a4 Rc6 22.d5 Rc5
23.Qd4 Bxb5 24.axb5 Nf6 25.Ra1 Kh7 26.Ra3 Rec8 27.Ra4 Nd7 28.Kh3 Nf6 29.Kg2 Kh6
30.Kh3 Qd8 31.Kg2 Qh8 32.Rd1 Nd7 33.Qxh8+ Rxh8 34.Be2 Rc7 35.Ra3 Nc5 36.Kf1 f6
37.Kg2 Rg7 38.Rh1 Rc7 39.f3 Rch7 40.Kf2 g5 41.Bd1 Rg7 42.Rg1 Rhg8 43.Bc2 g4
44.Bxf5 gxf3 45.Rxg7 Rxg7 46.e4 Rg2+ 47.Kxf3 Rb2 48.Ke3 Kg7 49.Kd4 Rd2+ 50.Ke3 Rg2
51.Ra1 Kf7 52.Kf3 Rc2 53.e5 Rc3+ 54.Ke2 fxe5 55.fxe5 dxe5 56.Rg1 Rxc4 57.d6 Rxh4
58.d7 Rd4 59.Bg6+ Ke7 60.Bxh5 Nxd7 61.Rg7+ Kd6 62.Be8 Nf6 63.Bc6 Nd5 64.Rg6+ Kc5
65.Rg7 Nc3+ 66.Ke3 Nxb5 67.Be8 Nd6 68.Bg6 b5 69.Bd3 Nc4+ 70.Ke2 e4  0-1

[Event "III Maravilhosa Open 2012"]
[Site "Laranjeiras BRA"]
[Date "2012.07.15"]
[Round "5.18"]
[White "Rodrigues,Ne"]
[Black "Leite,Tarcisio Dantas Frota"]
[Result "1-0"]
[WhiteElo "2043"]
[BlackElo "1694"]

1.d4 Nf6 2.Bg5 c5 3.Bxf6 exf6 4.d5 d6 5.e4 Qa5+ 6.Nc3 f5 7.Bb5+ Bd7 8.Bxd7+ Nxd7
9.exf5 Nf6 10.Qe2+ Be7 11.O-O-O Kd7 12.f4 Rhe8 13.g4 Bf8 14.Qf3 Re7 15.g5 Ng8
16.Qh3 Kc7 17.Qxh7 Nf6 18.gxf6 gxf6 19.Nf3 Rae8  1-0

[Event "ch-PHI Grand Final 2012"]
[Site "Boracay PHI"]
[Date "2012.07.16"]
[Round "2.1"]
[White "Torre,E"]
[Black "Nava,R"]
[Result "1-0"]
[WhiteElo "2469"]
[BlackElo "2397"]

1.d4 Nf6 2.Bg5 c5 3.Bxf6 gxf6 4.d5 Qb6 5.Qc1 f5 6.e3 Bg7 7.c3 d6 8.Na3 Nd7
9.Qc2 Nf6 10.Bb5+ Kf8 11.Rd1 a6 12.Be2 Qc7 13.Nh3 b5 14.O-O Rb8 15.Nf4 e5
16.Nh5 Nxh5 17.Bxh5 Qe7 18.Qe2 Rg8 19.Nc2 Bf6 20.Kh1 Kg7 21.e4 Bg5 22.exf5 Bxf5
23.Ne3 Bd7 24.Bg4 Rbf8 25.Nf5+ Bxf5 26.Bxf5 Qf6 27.Qe4 Qh6 28.Rd3 Rh8 29.Rh3 Qf6
30.Rh5 Rfg8 31.h4 Bh6 32.a4 Ra8 33.Ra1 Rhb8 34.g4 Bf4 35.g5 Qd8 36.Rxh7+ Kg8
37.Be6  1-0

[Event "Minsk Open 2012"]
[Site "Minsk BLR"]
[Date "2012.07.16"]
[Round "7.6"]
[White "Harshkou,M"]
[Black "Zablotsky,S"]
[Result "0-1"]
[WhiteElo "2220"]
[BlackElo "2524"]

1.d4 Nf6 2.Bg5 d5 3.Bxf6 gxf6 4.e3 c5 5.c4 cxd4 6.exd4 Nc6 7.Nf3 Bg4 8.Nc3 Bxf3
9.Qxf3 Nxd4 10.Qd1 e5 11.Nxd5 Qxd5 12.cxd5 Bb4+ 13.Qd2 Bxd2+ 14.Kxd2 Ke7
15.Bd3 Rad8 16.Ke3 Rxd5 17.g4 h6 18.Rac1 Rd7 19.h3 Rhd8 20.Rc3 f5 21.f4 exf4+
22.Kxf4 fxg4 23.hxg4 Rd6 24.Rh2 Rf6+ 25.Ke3 Re6+ 26.Kf4 Kf8 27.Bf5 Rf6 28.Ke5 Kg7
29.Rd3 Rfd6 30.Rg3 Ne6 31.Rb3 Rd5+ 32.Ke4 Nc5+  0-1

[Event "Sparkassen Open A"]
[Site "Dortmund GER"]
[Date "2012.07.17"]
[Round "4.22"]
[White "Schleich,T"]
[Black "Hobusch,Jan"]
[Result "1/2-1/2"]
[WhiteElo "2102"]
[BlackElo "2027"]

1.d4 d5 2.Bg5 Nf6 3.Bxf6 gxf6 4.e3 Bf5 5.Nc3 c6 6.Nge2 e5 7.Ng3 Be6 8.Qh5 Bd6
9.O-O-O e4 10.f3 exf3 11.Qxf3 Nd7 12.Bd3 Qa5 13.Nf5 Bb4 14.Qg3 O-O-O 15.a3 Bf8
16.Nd6+ Bxd6 17.Qxd6 Ne5 18.Qb4 Qxb4 19.axb4 Nxd3+ 20.Rxd3 Bf5 21.Rd2 Rde8
22.Re1 Re6 23.Rf2 Bg6 24.Kd2 Rhe8 25.Nd1 Bh5 26.Ref1 Bxd1 27.Kxd1 Rg8 28.g3 Rg6
29.Rf5 Rh6 30.R1f2 Kd8 31.Kd2 Ke7 32.Kd3 a6 33.b3 Kd6 34.h4 Rg6 35.R2f3 Ke7
36.c4 Rd6 37.e4 dxe4+ 38.Kxe4 Re6+ 39.Kd3 h6 40.R5f4 Rd6 41.g4 Re6 42.Re3 Rg7
43.Ke2 Rg8 44.Kf3 Ra8 45.d5 cxd5 46.cxd5 Rxe3+ 47.Kxe3 Rd8 48.Kd4 Rc8 49.Rf5 b6
50.Rh5 Rg8 51.Rxh6 Rxg4+ 52.Ke3 Rg3+  1/2-1/2

[Event "5th Paleochora Open"]
[Site "Paleochora GRE"]
[Date "2012.07.17"]
[Round "2.12"]
[White "Flaata,A"]
[Black "Romero Holmes,A"]
[Result "0-1"]
[WhiteElo "2097"]
[BlackElo "2523"]

1.d4 Nf6 2.Bg5 c5 3.d5 Ne4 4.Bc1 g6 5.f3 Nd6 6.e4 Bg7 7.Nc3 b5 8.a3 O-O 9.Nh3 Ba6
10.Be2 f5 11.exf5 Nxf5 12.O-O b4 13.axb4 cxb4 14.Ne4 Qb6+ 15.Kh1 Bxe2 16.Qxe2 a5
17.Ra4 Na6 18.b3 Nc7 19.Rd1 Qb5 20.Qc4 Qxc4 21.bxc4 d6 22.Bd2 e6 23.Bf4 exd5
24.Nxd6 Ne6 25.Nxf5 Rxf5 26.Bd6 Rd8 27.c5 d4 28.g4 Rxf3 29.Ng1 Ra3 30.Rxa3 bxa3
31.Ra1 d3 32.Rxa3 d2 33.Rd3 Nxc5 34.Rxd2 Ne4 35.Rd5 Rxd6 36.Rxa5 Nf2+ 37.Kg2 Nxg4
38.Nf3 Ne3+ 39.Kg3 Nxc2 40.Ra8+ Bf8 41.h4 Ne3 42.Kf4 Nc4 43.Rc8 Rf6+ 44.Kg5 Rxf3
45.Rxc4 Rf5+ 46.Kg4 Be7 47.Re4 Kf7 48.Kh3 Rh5 49.Kg3 Bxh4+  0-1

[Event "16th Battle of Senta Open A"]
[Site "Senta SRB"]
[Date "2012.07.17"]
[Round "5.12"]
[White "Cengija,V"]
[Black "Agoston,Ar"]
[Result "0-1"]
[WhiteElo "2251"]
[BlackElo "2086"]

1.d4 Nf6 2.Bg5 g6 3.Bxf6 exf6 4.g3 Bg7 5.Bg2 O-O 6.e3 d5 7.Ne2 Bg4 8.c4 dxc4
9.Bxb7 Nd7 10.Bc6 Rb8 11.h3 Be6 12.Bg2 Nb6 13.Nbc3 f5 14.Nf4 Qe7 15.O-O Rfd8
16.Qe2 c5 17.d5 Bxc3 18.dxe6 Be5 19.exf7+ Qxf7 20.Rad1 g5 21.Nh5 Na4 22.f4 gxf4
23.Nxf4 Kh8 24.Bd5 Qg7 25.Nh5 Qg5 26.h4 Qg6 27.Bxc4 Rxd1 28.Qxd1 Nxb2 29.Qd5 Nxc4
30.Qxc4 Qxh5 31.Qe6 Re8  0-1

[Event "XIV ch-Gdansk Int 2012"]
[Site "Gdansk POL"]
[Date "2012.07.22"]
[Round "1.27"]
[White "Kumala,A"]
[Black "Teclaf,Pawel"]
[Result "1/2-1/2"]
[WhiteElo "1974"]
[BlackElo "1631"]

1.d4 Nf6 2.Bg5 d5 3.Bxf6 exf6 4.Nf3 Bd6 5.e3 O-O 6.c4 dxc4 7.Bxc4 c5 8.O-O Bg4
9.Nc3 Nc6 10.dxc5 Bxc5 11.Qxd8 Raxd8 12.Rfd1 Rxd1+ 13.Rxd1 Rd8 14.Rxd8+ Nxd8
15.Bd5 Be6 16.Kf1 Bb4 17.Bxe6 fxe6 18.Ke2  1/2-1/2

[Event "XIV ch-Gdansk Int 2012"]
[Site "Gdansk POL"]
[Date "2012.07.22"]
[Round "2.31"]
[White "Piankov,E"]
[Black "Zaytseva,K"]
[Result "1-0"]
[WhiteElo "2338"]
[BlackElo "1643"]

1.d4 d5 2.Bg5 Nf6 3.Bxf6 exf6 4.e3 Bd6 5.c4 c6 6.cxd5 cxd5 7.Nc3 Be6 8.g3 Nd7
9.Bg2 Nb6 10.Nge2 O-O 11.O-O Rc8 12.Qb3 Bb8 13.a4 Qd7 14.a5 Nc4 15.Qa2 Bh3
16.b3 Bxg2 17.Kxg2 Nd6 18.Rac1 Ne4 19.Nxe4 dxe4 20.Rc4 h5 21.Rfc1 Qg4 22.Ng1 Rcd8
23.Qe2 Qxe2 24.Nxe2 f5 25.Nc3 Rfe8 26.Na4 Rd5 27.Rc5 Rxc5 28.Rxc5 g6 29.Rb5 Re7
30.Nc5 Kf8 31.Nxb7 Bc7 32.a6 Ke8 33.Nc5 Bb6 34.Na4 Bd8 35.Rb8 Rc7 36.Nc5 Ke7
37.b4 Rc6 38.b5 Rc7 39.b6 axb6 40.Rb7  1-0

[Event "23rd Czech Open A"]
[Site "Pardubice CZE"]
[Date "2012.07.22"]
[Round "3.81"]
[White "Chernyshova,N"]
[Black "Steinberg,N"]
[Result "0-1"]
[WhiteElo "2080"]
[BlackElo "2326"]

1.d4 Nf6 2.Bg5 d5 3.e3 c5 4.c3 Nc6 5.Nf3 g6 6.Nbd2 Bg7 7.Bd3 O-O 8.O-O b6
9.Qe2 Re8 10.Bb5 Bd7 11.b3 Nh5 12.Rac1 Na5 13.Ba6 Qc7 14.Bh4 Nc6 15.Rfd1 e5
16.Nxe5 Nxe5 17.dxe5 Bxe5 18.Nf3 Bg7 19.Bb5 Bf6 20.Bxd7 Qxd7 21.Rd2 Rad8
22.Rcd1 Qe7 23.Bxf6 Nxf6 24.Qb5 Kg7 25.h3 h6 26.a4 Ne4 27.Rd3 Qf6 28.Rc1 Re7
29.Rc2 g5 30.Nh2 h5 31.f3 Nd6 32.Qc6 c4 33.Rxd5 cxb3 34.Rb2 Rxe3 35.Rxb3 Qe7
36.Rb1 Re6 37.Rbd1 Rc8 38.Qxd6 Rxd6 39.Rxd6 Rxc3 40.Nf1 h4 41.Rd7 Qc5+ 42.Kh2 Rc1
43.Rxc1 Qxc1 44.Nd2 Qc6 45.Rd4 Qf6 46.Rd7 Qf4+  0-1

[Event "45th Biel Masters Open"]
[Site "Biel SUI"]
[Date "2012.07.23"]
[Round "1"]
[White "Curien,N"]
[Black "Edouard,R"]
[Result "1/2-1/2"]
[WhiteElo "2216"]
[BlackElo "2646"]

1.d4 Nf6 2.Bg5 c5 3.Bxf6 gxf6 4.d5 Qb6 5.Qc1 f5 6.c4 Bg7 7.Nc3 d6 8.e3 Nd7
9.Be2 Nf6 10.Qc2 Ne4 11.Nxe4 fxe4 12.Rb1 Qa5+ 13.Kf1 Bf5 14.a3 h5 15.h4 e6
16.Nh3 exd5 17.cxd5 Qd8 18.Nf4 Be5 19.g3 Bxf4 20.exf4 Qe7 21.Qc3 O-O-O 22.Qe3 Kb8
23.Kg2 Rc8 24.Rhc1 Rhg8 25.Kf1 Bg6 26.b4 f5 27.bxc5 dxc5 28.Ba6 Rc7 29.d6 Qxd6
30.Bxb7 Rd8 31.Bxe4+ Kc8 32.Bf3 Qd3+ 33.Be2 Qe4 34.Ba6+ Kd7 35.Re1  1/2-1/2

[Event "23rd Czech Open A"]
[Site "Pardubice CZE"]
[Date "2012.07.24"]
[Round "5.65"]
[White "Bombek,P"]
[Black "Gagarin,V"]
[Result "1/2-1/2"]
[WhiteElo "2246"]
[BlackElo "2372"]

1.d4 Nf6 2.Bg5 c5 3.Nc3 cxd4 4.Qxd4 Nc6 5.Qh4 e6 6.O-O-O Be7 7.e4 d6 8.f4 Qa5
9.Bb5 Bd7 10.Nf3 O-O-O 11.Qe1 Kb8 12.Kb1 a6 13.Bxc6 Bxc6 14.Nd4 h6 15.Bh4 Rc8
16.e5 dxe5 17.Qxe5+ Qxe5 18.fxe5 Nd5 19.Nxc6+ Rxc6 20.Rxd5 Bxh4 21.Rd4 Bd8
22.Rf1 f5 23.exf6 Bxf6 24.Rd7 Rc7 25.Rxc7 Kxc7 26.Ne4 Rf8 27.c3 Be7  1/2-1/2

[Event "23rd Czech Open A"]
[Site "Pardubice CZE"]
[Date "2012.07.24"]
[Round "5.14"]
[White "Neuman,P"]
[Black "Gopal,G"]
[Result "1/2-1/2"]
[WhiteElo "2476"]
[BlackElo "2550"]

1.d4 Nf6 2.Bg5 d5 3.e3 c6 4.c3 Bg4 5.Qb3 Qb6 6.Nd2 Nbd7 7.Ngf3 e6 8.Bd3 Be7
9.O-O Bh5 10.Rfe1 O-O 11.Ne5 Rfe8 12.Nxd7 Nxd7 13.Bxe7 Rxe7 14.Qc2 h6  1/2-1/2

[Event "XIV ch-Gdansk Int 2012"]
[Site "Gdansk POL"]
[Date "2012.07.25"]
[Round "5.15"]
[White "Dzikowski,M"]
[Black "Szczepaniec,S"]
[Result "1-0"]
[WhiteElo "1857"]
[BlackElo "2059"]

1.d4 Nf6 2.Bg5 g6 3.Bxf6 exf6 4.e3 Bg7 5.Bd3 f5 6.Nf3 O-O 7.c3 d5 8.O-O Nd7
9.Qb3 Nb6 10.Nbd2 a5 11.Rac1 a4 12.Qc2 Re8 13.a3 Be6 14.c4 dxc4 15.Nxc4 Nxc4
16.Bxc4 c6 17.Bxe6 Rxe6 18.Rfd1 h6 19.Rd2 Qf6 20.g3 g5 21.Ne5 f4 22.e4 Qe7
23.Rcd1 Bxe5 24.dxe5 Rxe5 25.Rd7 Qe6 26.R1d6 Qh3 27.Qc4 Re6 28.Rd8+ Rxd8
29.Rxd8+ Kh7 30.Qd4 Re7 31.Qf6  1-0

[Event "FIDE WGP Jermuk 2012"]
[Site "Jermuk ARM"]
[Date "2012.07.25"]
[Round "8"]
[White "Danielian,E"]
[Black "Kovalevskaya,E"]
[Result "1/2-1/2"]
[WhiteElo "2480"]
[BlackElo "2417"]

1.d4 Nf6 2.Bg5 d5 3.Nd2 Nbd7 4.Ngf3 g6 5.e3 Bg7 6.c4 c5 7.cxd5 O-O 8.e4 cxd4
9.Bc4 Nc5 10.Qe2 h6 11.Bxf6 exf6 12.O-O Re8 13.Rfe1 Bd7 14.Qf1 Qb6 15.Rab1 Rac8
16.h3 a6 17.a3 Qd6 18.b4 Na4 19.Bd3 Nc3 20.Rbc1 f5 21.exf5 Bxf5 22.Bxf5 gxf5
23.Qd3 Rxe1+ 24.Rxe1 Qxd5 25.Nh4 Ne4 26.Nxe4 fxe4 27.Rxe4 Qb5 28.Qg3 Kh8
29.Re7 Qd5 30.Nf3 d3 31.Qf4 Kg8 32.g3 Rd8 33.Kh2 Qa2 34.Nd2 Qd5 35.h4 Kf8
36.Rc7 b5 37.Ra7 Qe6 38.Nf3 Qf6 39.Qe3 Kg8 40.Re7 Kf8 41.Ra7 Qd6 42.Qe4 Kg8
43.Qb7 Qd5 44.Qe7 Bf8 45.Qf6 Bg7 46.Qf4 Qc4 47.Qe3 Qe6 48.Qf4 Qc4 49.Qe3 Qd5
50.Qf4 Rd6 51.Nd2 Rf6 52.Qe3 Re6 53.Qf4 Re2 54.Rxa6 Bd4 55.Rd6 Rxf2+ 56.Qxf2 Qxd6
57.Qf3 Bg7 58.Qa8+ Kh7 59.Qe4+ Qg6 60.Qd5 Bb2 61.h5 Qg5 62.Qxd3+ Kg7 63.Kg2 Qxh5
64.Nf3 Bf6 65.Qd7 Qg6 66.Qxb5 Qc2+ 67.Kh3 Qc3 68.Qf5 Qxa3 69.b5 Qb2 70.Qg4+ Kf8
71.Qc4 Kg7 72.Qd3 Qb4 73.Qf5 Qd6 74.Qg4+ Kf8 75.Qc8+ Ke7 76.Qb7+ Kf8 77.Qc8+ Ke7
78.Qb7+ Kf8 79.Qa8+ Bd8 80.Qc8 Ke7 81.Nh4 Qd1 82.Qc4 h5 83.Qe4+ Kf8 84.Qf3 Qd7+
85.Qf5 Qd1 86.Qf3 Qd7+ 87.Qf5 Qd1 88.Qf3  1/2-1/2

[Event "27th Avoine Open"]
[Site "Avoine FRA"]
[Date "2012.07.27"]
[Round "7.15"]
[White "Godart,F"]
[Black "Messinger,K"]
[Result "1-0"]
[WhiteElo "2317"]
[BlackElo "2060"]

1.d4 Nf6 2.Bg5 g6 3.Bxf6 exf6 4.e3 Bg7 5.Ne2 d5 6.Nd2 O-O 7.g3 c6 8.Bg2 a5
9.O-O Na6 10.Nf4 Be6 11.c4 dxc4 12.Nxe6 fxe6 13.Nxc4 b5 14.Nd2 Rc8 15.Rc1 Qd7
16.Qf3 Nb4 17.a3 Nd3 18.Rxc6 Nxb2 19.Rb1 Nc4 20.Nxc4 bxc4 21.Rc1 Rxc6 22.Qxc6 Qxc6
23.Bxc6 Rb8 24.Rxc4 Bf8 25.a4 Bb4 26.Bd7 Rb6 27.Rc7 Rd6 28.Kg2 Rb6 29.Kf3 Be1
30.Ke2 Bb4 31.e4 f5 32.e5 Kf7 33.Bb5+ Kg8 34.Kd3 h6 35.Kc4 Rb8 36.Bd7 Rb6
37.f4 Kf8 38.Ra7 Kg8 39.d5 exd5+ 40.Kxd5 Kf8 41.Bc6 Kg8 42.e6 Kf8 43.Rf7+ Kg8
44.e7 Bxe7 45.Rxe7 Rb2 46.Ke6 Rxh2 47.Kf6 Rh3 48.Bd5+ Kf8 49.Bf7  1-0

[Event "Politiken Cup 2012"]
[Site "Helsingor DEN"]
[Date "2012.07.28"]
[Round "1.2"]
[White "Frisvold,O"]
[Black "Cheparinov,I"]
[Result "0-1"]
[WhiteElo "1960"]
[BlackElo "2677"]

1.d4 Nf6 2.Bg5 c5 3.d5 Ne4 4.Bc1 g6 5.f3 Nd6 6.e4 Bg7 7.Na3 O-O 8.Nc4 Nxc4
9.Bxc4 b5 10.Be2 d6 11.c3 a6 12.Bd2 e6 13.Bf4 Re8 14.dxe6 Bxe6 15.Qxd6 Nd7
16.Rd1 Qa5 17.a3 Rac8 18.Nh3 Nb6 19.Ng5 Bb3 20.Rd2 h6 21.Nh3 Bf8 22.Qd3 Nc4
23.e5 Rcd8 24.Qe4 Nxd2 25.Bxd2 Bg7 26.f4 Bd5 27.Qe3 Bxg2 28.Rg1 Bxh3 29.Qxh3 Qa4
30.Bd3 Qb3 31.Bc1 c4 32.Be2 Qc2 33.Kf2 Rd3 34.Qg2 Bxe5 35.Qc6 Bd4+ 36.cxd4 Qxe2+  0-1

[Event "XIV ch-Gdansk Int 2012"]
[Site "Gdansk POL"]
[Date "2012.07.29"]
[Round "9.24"]
[White "Dzikowski,M"]
[Black "Pham,Juliusz"]
[Result "0-1"]
[WhiteElo "1857"]
[BlackElo "1714"]

1.d4 Nf6 2.Bg5 c5 3.Bxf6 gxf6 4.d5 Qb6 5.Qc1 f5 6.e3 Bg7 7.c3 O-O 8.Nf3 d6
9.Nbd2 Nd7 10.Qc2 Nf6 11.Nc4 Qc7 12.Rd1 Rd8 13.Bd3 e6 14.dxe6 fxe6 15.Ncd2 d5
16.c4 Ne4 17.O-O b6 18.Rfe1 Bb7 19.Nf1 Rac8 20.Ng3 Qf7 21.a3 Bc6 22.Rb1 Nxg3
23.hxg3 dxc4 24.Qxc4 b5 25.Qc2 c4 26.Be2 Be4  0-1